| 000 | 00524nam a2200157 4500 | ||
|---|---|---|---|
| 001 | 132111 | ||
| 003 | ES-MaACL | ||
| 005 | 20230906194116.0 | ||
| 007 | t| | ||
| 008 | 070214s1935 sp r ||||1| spa d | ||
| 100 | 1 |
_aRodríguez Sastre, Antonio. _998816 |
|
| 245 | 1 | 3 |
_aEl control en las sociedades mercantiles / _cpor Antonio Rodríguez Sastre. |
| 260 |
_aMadrid : _b[s. n.], _c1935 ( _fImp. Patronato Huérfanos Cuerpo Intendencia e Intervención Militares) |
||
| 300 |
_a67 p. ; _c24 cm. |
||
| 852 |
_aES-MaACL _j1805-F-16 |
||
| 999 |
_c132111 _d132111 |
||